|
|
|
|
| LEADER |
00000nab a2200000 ar4500 |
| 001 |
vtls010445493 |
| 003 |
SK-MaSNL |
| 005 |
20260304001048.0 |
| 008 |
120903c2012 xo |r|p|||a |000 b|slo |
| 015 |
|
|
|a SNBRB2012/09
|
| 038 |
|
|
|a SPK
|
| 040 |
|
|
|a SPKCL
|b slo
|c AACR2
|e AACR2
|
| 041 |
0 |
|
|a slo
|b slo
|
| 044 |
|
|
|a xo
|c SK
|
| 072 |
|
7 |
|a 37
|x Výchova a vzdelávanie
|2 konspekt
|
| 072 |
|
7 |
|a 373.2/.3
|x Predškolská a primárna výchova a vzdelávanie
|2 konspekt
|
| 080 |
|
|
|a 37.048.3
|2 2001
|
| 080 |
|
|
|a 373.29
|2 2001
|
| 100 |
1 |
|
|a Slovíková, Martina
|4 aut
|9 313838
|
| 245 |
1 |
0 |
|a Dôvody príchodu klientov do centier pedagogicko-psychologického poradenstva a prevencie
|c Martina Slovíková
|
| 300 |
|
|
|b Grafy, tab.
|
| 546 |
|
|
|a Res. slov.
|
| 650 |
0 |
7 |
|a výchovné poradenstvo
|2 snkbucl
|9 3605
|
| 650 |
0 |
7 |
|a problémy v učení
|2 snkbucl
|9 1277274
|
| 650 |
0 |
7 |
|a školská spôsobilosť
|2 snkbucl
|9 69730
|
| 773 |
0 |
|
|t Prevencia : informačný bulletin zameraný na prevenciu sociálno-patologických javov v rezorte školstva
|g Roč. XI, č. 2(2012), s. 19-26
|x 1336-3689
|
| 852 |
|
|
|a SPK
|b KIS3GCP
|
| 999 |
|
|
|c 2534413
|d 2536343
|